| 000 | 00376 a2200157 4500 | ||
|---|---|---|---|
| 001 | 12252 | ||
| 020 | _a9788574122663 | ||
| 040 | _cAnchieta - Aquarius | ||
| 100 | _aBrenman, Ilan | ||
| 240 | 1 | 0 |
_aPai, todos os animais soltam pum? _lpor |
| 245 | 1 | 0 | _aPai, todos os animais soltam pum? |
| 300 | _a25 | ||
| 362 | 0 | _a2009 | |
| 650 | 4 | _aLiteratura infanto-juvenil | |
| 942 | _cBK | ||
| 999 |
_c12252 _d12252 |
||